| 000 | 00901nam a2200265Ia 4500 | ||
|---|---|---|---|
| 003 | OSt | ||
| 005 | 20221005104258.0 | ||
| 006 | a|||||r|||| 00| 0 | ||
| 007 | ta | ||
| 008 | 221004b |||||||| |||| 00| 0 hin d | ||
| 020 |
_a8177021443 (hbk) _c795 |
||
| 024 | _a89259 | ||
| 037 |
_b1576, 24/12/2007, Vidyanidhi Prakashan _cTextual |
||
| 040 |
_aCRL _cCRL _bhin |
||
| 041 |
_2hin _ahin |
||
| 082 | _aQ2:22, 152P7 | ||
| 100 | _aकुमारी, किरण | ||
| 245 | 0 | _aक्या कहते हैं पुराण? | |
| 246 | _aKyā kahate haian purāṇa? | ||
| 260 |
_aदिल्ली _bप्रतिभा प्रकाशन भारत _c2007 |
||
| 300 |
_a388पृ0 _ccm. |
||
| 650 | _aधर्म | ||
| 942 |
_hQ2:22, 152P7 _cTEXL _2cc |
||
| 999 |
_c1012244 _d1012244 |
||